| 000 | 00712nam a2200229 a 4500 | ||
|---|---|---|---|
| 005 | 20241012063852.0 | ||
| 008 | 010612s1996 mx r 000 0 spa d | ||
| 020 | _a8485851773 | ||
| 035 | _aUPN01000108156 | ||
| 049 | _aCG | ||
| 050 | 4 |
_aLB1028 _bM6.6 |
|
| 100 | 1 | _aMonterde Mainar, Francisco | |
| 245 | 1 | 0 |
_aManual práctico de recursos didácticos técnicos, recursos, procedimientos y estrategias / _cFrancisco Monterde Mainar. |
| 260 |
_aMadrid : _bEOS, _c1996. |
||
| 300 |
_a233 p. : _bil. |
||
| 440 | 0 | _aFundamentos psicopedagógicos | |
| 650 | 2 |
_aRecursos educativos _99810 |
|
| 650 | 2 |
_aMétodos de enseñanza _95706 |
|
| 650 | 4 |
_aJuegos educativos _93952 |
|
| 905 | _aLibro | ||
| 999 |
_c82068 _d82068 |
||